[Event "English Schools Championship Final 2024"]
[Site "Nottingham University Kings Meadow Campus, United Kingdom"]
[Date "2024.06.27"]
[Round "2.39"]
[White "Huang, Henry"]
[Black "Dasgupta, Avyukt"]
[Result "0-1"]
[TimeControl "G50' + 10\" per move."]
[WhiteFideId "447129"]
[BlackFideId "480630"]
[WhiteElo "1783"]
[BlackElo "2069"]

1. d4 {[%clk 00:50:18]} {[%emt 00:00:03]} Nf6 {[%clk 00:50:05]} {[%emt
00:00:15]} 2. c4 {[%clk 00:50:19]} {[%emt 00:00:09]} e6 {[%clk 00:50:09]}
{[%emt 00:00:06]} 3. Nc3 {[%clk 00:50:05]} {[%emt 00:00:24]} Bb4 {[%clk
00:50:15]} {[%emt 00:00:04]} 4. Qc2 {[%emt 00:01:04]} b6 {[%clk 00:49:34]}
{[%emt 00:00:25]} 5. a3 {[%clk 00:49:15]} {[%emt 00:00:33]} Bxc3+ {[%clk
00:49:29]} {[%emt 00:00:15]} 6. Qxc3 {[%clk 00:49:16]} {[%emt 00:00:09]} Bb7
{[%clk 00:47:12]} {[%emt 00:02:28]} 7. Bg5 {[%clk 00:45:48]} {[%emt 00:03:37]}
d6 {[%clk 00:45:56]} {[%emt 00:01:26]} 8. Nf3 {[%clk 00:42:43]} {[%emt
00:03:15]} Nbd7 {[%clk 00:44:17]} {[%emt 00:01:49]} 9. g3 {[%clk 00:40:24]}
{[%emt 00:02:29]} Ne4 {[%clk 00:38:03]} {[%emt 00:06:25]} 10. Bxd8 {[%clk
00:40:24]} {[%emt 00:00:09]} Nxc3 {[%clk 00:38:12]} {[%emt 00:00:02]} 11. Bg5
{[%clk 00:35:53]} {[%emt 00:04:41]} Ne4 {[%clk 00:38:16]} {[%emt 00:00:06]} 12.
Be3 {[%clk 00:34:51]} {[%emt 00:01:12]} a5 {[%clk 00:33:47]} {[%emt 00:04:39]}
13. Bg2 {[%clk 00:33:48]} {[%emt 00:01:13]} a4 {[%emt 00:06:44]} 14. Nd2 {[%clk
00:27:53]} {[%emt 00:04:02]} Nxd2 {[%clk 00:26:48]} {[%emt 00:02:37]} 15. Bxb7
{[%clk 00:27:56]} {[%emt 00:00:06]} Ra7 {[%clk 00:26:56]} {[%emt 00:00:03]} 16.
Bxd2 {[%clk 00:26:06]} {[%emt 00:02:00]} Rxb7 {[%clk 00:26:59]} {[%emt
00:00:07]} 17. Rc1 {[%clk 00:21:41]} {[%emt 00:04:35]} Ke7 {[%clk 00:22:41]}
{[%emt 00:04:28]} 18. O-O {[%clk 00:20:43]} {[%emt 00:01:08]} h6 {[%clk
00:19:49]} {[%emt 00:03:02]} 19. e4 {[%clk 00:16:25]} {[%emt 00:04:29]} c5
{[%clk 00:17:40]} {[%emt 00:02:19]} 20. d5 {[%clk 00:14:04]} {[%emt 00:02:31]}
e5 {[%clk 00:15:55]} {[%emt 00:01:55]} 21. f4 {[%clk 00:13:33]} {[%emt
00:00:41]} f6 {[%clk 00:14:35]} {[%emt 00:01:30]} 22. Bc3 {[%clk 00:12:11]}
{[%emt 00:01:32]} exf4 {[%clk 00:09:18]} {[%emt 00:05:27]} 23. gxf4 {[%clk
00:12:01]} {[%emt 00:00:20]} g5 {[%clk 00:09:19]} {[%emt 00:00:09]} 24. fxg5
{[%clk 00:11:04]} {[%emt 00:01:07]} hxg5 {[%clk 00:09:20]} {[%emt 00:00:08]} 25.
Rf5 {[%clk 00:09:19]} {[%emt 00:01:55]} Rbb8 {[%clk 00:08:59]} {[%emt
00:00:32]} 26. Rcf1 {[%clk 00:08:20]} {[%emt 00:01:09]} Rbf8 {[%clk 00:08:29]}
{[%emt 00:00:40]} 27. R1f2 {[%clk 00:06:53]} {[%emt 00:01:37]} Rh4 {[%clk
00:08:17]} {[%emt 00:00:22]} 28. Re2 {[%clk 00:05:38]} {[%emt 00:01:25]} Kf7
{[%clk 00:07:32]} {[%emt 00:00:55]} 29. Kg2 {[%clk 00:03:45]} {[%emt 00:02:03]}
Re8 {[%clk 00:07:20]} {[%emt 00:00:23]} 30. Ref2 {[%clk 00:02:09]} {[%emt
00:01:45]} Rh6 {[%clk 00:02:52]} {[%emt 00:04:38]} 31. Kf3 {[%clk 00:01:31]}
{[%emt 00:00:48]} Reh8 {[%clk 00:02:11]} {[%emt 00:00:51]} 32. Ke3 {[%clk
00:00:28]} {[%emt 00:01:13]} Rh3+ {[%clk 00:01:51]} {[%emt 00:00:30]} 33. Ke2
{[%clk 00:00:13]} {[%emt 00:00:25]} Rxh2 {[%clk 00:01:45]} {[%emt 00:00:16]} 34.
Rxg5 {[%clk 00:00:12]} {[%emt 00:00:11]} Rxf2+ {[%clk 00:01:23]} {[%emt
00:00:32]} 35. Kxf2 {[%clk 00:00:19]} {[%emt 00:00:02]} Rh4 {[%clk 00:01:06]}
{[%emt 00:00:27]} 36. Rf5 {[%clk 00:00:13]} {[%emt 00:00:17]} Rxe4 {[%clk
00:01:11]} {[%emt 00:00:06]} 37. Kf3 {[%clk 00:00:17]} {[%emt 00:00:06]} Rxc4
{[%clk 00:00:46]} {[%emt 00:00:35]} 38. Rh5 {[%clk 00:00:18]} {[%emt 00:00:09]}
Kg6 {[%clk 00:00:44]} {[%emt 00:00:12]} 39. Rh8 {[%clk 00:00:22]} {[%emt
00:00:06]} Ne5+ {[%clk 00:00:44]} {[%emt 00:00:10]} 40. Ke3 {[%clk 00:00:15]}
{[%emt 00:00:17]} Kf5 {[%clk 00:00:46]} {[%emt 00:00:08]} 41. Rb8 {[%clk
00:00:13]} {[%emt 00:00:12]} Re4+ {[%clk 00:00:54]} {[%emt 00:00:03]} 42. Kf2
{[%clk 00:00:13]} {[%emt 00:00:10]} Nc4 {[%clk 00:00:33]} {[%emt 00:00:31]} 43.
Rf8 {[%clk 00:00:15]} {[%emt 00:00:08]} Rf4+ {[%clk 00:00:42]} 44. Kg3 {[%clk
00:00:18]} {[%emt 00:00:06]} Ke4 {[%clk 00:00:30]} {[%emt 00:00:22]} 45. Bxf6
{[%clk 00:00:12]} {[%emt 00:00:16]} Rf3+ {[%clk 00:00:34]} {[%emt 00:00:06]} 46.
Kg2 {[%clk 00:00:21]} {[%emt 00:00:02]} Ne3+ {[%clk 00:00:43]} 47. Kg1 {[%clk
00:00:18]} {[%emt 00:00:13]} Rf1+ {[%clk 00:00:52]} {[%emt 00:00:01]} 48. Kh2
{[%clk 00:00:25]} {[%emt 00:00:03]} Ng4+ {[%clk 00:01:00]} 49. Kg2 {[%clk
00:00:27]} {[%emt 00:00:08]} Rxf6 {[%clk 00:01:04]} {[%emt 00:00:07]} 0-1

[Event "English Schools Championship Final 2024"]
[Site "Nottingham University Kings Meadow Campus, United Kingdom"]
[Date "2024.06.27"]
[Round "2.40"]
[White "Mittal, Aditya"]
[Black "Razumovsky-Hough, Louis"]
[Result "1-0"]
[TimeControl "G50' + 10\" per move."]
[WhiteFideId "499250"]
[WhiteElo "1852"]
[BlackElo "1726"]

1. e4 {[%clk 00:50:19]} {[%emt 00:29:35]} c6 {[%clk 00:50:14]} {[%emt
00:00:07]} 2. d4 {[%clk 00:50:24]} {[%emt 00:00:02]} d5 {[%clk 00:50:18]}
{[%emt 00:00:07]} 3. e5 {[%clk 00:50:29]} {[%emt 00:00:05]} Bf5 {[%clk
00:50:13]} {[%emt 00:00:15]} 4. c4 {[%clk 00:50:28]} {[%emt 00:00:11]} e6
{[%clk 00:49:46]} {[%emt 00:00:37]} 5. Nc3 {[%clk 00:50:15]} {[%emt 00:00:23]}
Nd7 {[%clk 00:49:39]} {[%emt 00:00:17]} 6. Nge2 {[%clk 00:47:38]} {[%emt
00:02:46]} Bb4 {[%clk 00:45:44]} {[%emt 00:04:05]} 7. Ng3 {[%clk 00:45:01]}
{[%emt 00:02:48]} Bg6 {[%clk 00:44:46]} {[%emt 00:01:08]} 8. h4 {[%clk
00:42:45]} {[%emt 00:02:26]} Ne7 {[%clk 00:40:11]} {[%emt 00:04:45]} 9. h5
{[%clk 00:37:46]} {[%emt 00:05:09]} Bf5 {[%clk 00:38:26]} {[%emt 00:01:55]} 10.
Bd2 {[%clk 00:30:20]} {[%emt 00:07:35]} dxc4 {[%clk 00:34:18]} {[%emt
00:04:17]} 11. a3 {[%clk 00:23:52]} {[%emt 00:06:39]} Ba5 {[%clk 00:32:55]}
{[%emt 00:01:32]} 12. Nce4 {[%clk 00:21:55]} {[%emt 00:02:07]} Bxe4 {[%clk
00:26:40]} {[%emt 00:06:25]} 13. Nxe4 {[%clk 00:21:37]} {[%emt 00:00:30]} Bc7
{[%clk 00:25:00]} {[%emt 00:01:50]} 14. g4 {[%clk 00:17:41]} {[%emt 00:04:06]}
a5 {[%clk 00:23:41]} {[%emt 00:01:29]} 15. h6 {[%clk 00:15:18]} {[%emt
00:02:33]} g6 {[%clk 00:21:46]} {[%emt 00:02:05]} 16. Bg5 {[%clk 00:13:23]}
{[%emt 00:02:04]} b5 {[%clk 00:18:27]} {[%emt 00:03:30]} 17. Nd6+ {[%clk
00:11:24]} {[%emt 00:02:09]} Kf8 {[%clk 00:16:59]} {[%emt 00:01:38]} 18. Qf3
{[%clk 00:10:57]} {[%emt 00:00:37]} Nxe5 {[%clk 00:15:24]} {[%emt 00:01:43]} 19.
dxe5 {[%clk 00:10:13]} {[%emt 00:00:55]} Bxd6 {[%clk 00:14:30]} {[%emt
00:01:03]} 20. Rd1 {[%clk 00:08:46]} {[%emt 00:01:39]} Bb4+ {[%clk 00:12:39]}
{[%emt 00:02:01]} 21. axb4 {[%clk 00:08:49]} {[%emt 00:00:08]} Qc7 {[%clk
00:12:33]} {[%emt 00:00:16]} 22. Qf6 {[%clk 00:06:35]} {[%emt 00:02:24]} Rg8
{[%clk 00:12:01]} {[%emt 00:00:43]} 23. Qxe7+ {[%clk 00:06:20]} {[%emt
00:00:24]} Qxe7 {[%clk 00:12:06]} {[%emt 00:00:03]} 24. Bxe7+ {[%clk 00:06:27]}
{[%emt 00:00:04]} Kxe7 {[%clk 00:12:12]} {[%emt 00:00:03]} 25. bxa5 {[%clk
00:06:27]} {[%emt 00:00:11]} Rxa5 {[%clk 00:11:52]} {[%emt 00:00:29]} 26. Bg2
{[%clk 00:06:34]} {[%emt 00:00:03]} Rc8 {[%clk 00:11:21]} {[%emt 00:00:41]} 27.
Ke2 {[%clk 00:06:34]} {[%emt 00:00:10]} b4 {[%clk 00:11:07]} {[%emt 00:00:24]}
28. f4 {[%clk 00:06:11]} {[%emt 00:00:33]} Ra2 {[%clk 00:11:04]} {[%emt
00:00:14]} 29. Rd2 {[%clk 00:06:00]} {[%emt 00:00:20]} c5 {[%clk 00:09:54]}
{[%emt 00:01:20]} 30. Rhd1 {[%clk 00:04:29]} {[%emt 00:01:26]} Rc7 {[%clk
00:09:59]} {[%emt 00:00:19]} 31. Be4 {[%clk 00:04:16]} {[%emt 00:00:23]} c3
{[%clk 00:07:39]} {[%emt 00:02:29]} 32. bxc3 {[%clk 00:03:39]} {[%emt
00:00:47]} Rxd2+ {[%clk 00:07:36]} {[%emt 00:00:13]} 33. Rxd2 {[%clk 00:03:39]}
{[%emt 00:00:11]} b3 {[%clk 00:07:36]} {[%emt 00:00:09]} 34. c4 {[%clk
00:03:44]} {[%emt 00:00:06]} Ra7 {[%clk 00:07:31]} {[%emt 00:00:15]} 35. Kd3
{[%clk 00:03:10]} {[%emt 00:00:43]} Ra1 {[%clk 00:06:08]} {[%emt 00:01:34]} 36.
Kc3 {[%clk 00:02:21]} {[%emt 00:00:59]} Rf1 {[%clk 00:05:41]} {[%emt 00:00:37]}
37. f5 {[%clk 00:02:14]} {[%emt 00:00:17]} exf5 {[%clk 00:05:33]} {[%emt
00:00:17]} 38. gxf5 {[%clk 00:02:20]} {[%emt 00:00:05]} gxf5 {[%clk 00:05:22]}
{[%emt 00:00:20]} 39. Bd5 {[%clk 00:02:09]} {[%emt 00:00:22]} Re1 {[%clk
00:05:09]} {[%emt 00:00:24]} 40. Kxb3 {[%clk 00:02:05]} {[%emt 00:00:13]} Rxe5
{[%clk 00:05:09]} {[%emt 00:00:09]} 41. Rg2 {[%clk 00:01:40]} {[%emt 00:00:36]}
f4 {[%clk 00:03:52]} {[%emt 00:01:28]} 42. Rg7 {[%clk 00:01:17]} {[%emt
00:00:33]} Rxd5 {[%clk 00:03:34]} {[%emt 00:00:27]} 43. cxd5 {[%clk 00:01:22]}
{[%emt 00:00:06]} Kf6 {[%clk 00:03:36]} {[%emt 00:00:08]} 44. Rg1 {[%clk
00:01:02]} {[%emt 00:00:31]} 1-0

[Event "English Schools Championship Final 2024"]
[Site "Nottingham University Kings Meadow Campus, United Kingdom"]
[Date "2024.06.27"]
[Round "2.41"]
[White "Clery, Liam"]
[Black "Shah, Kian"]
[Result "0-1"]
[TimeControl "G50' + 10\" per move."]
[WhiteFideId "343402879"]
[BlackFideId "447366"]
[WhiteElo "1797"]
[BlackElo "1896"]

1. e4 {[%clk 00:50:18]} {[%emt 00:29:47]} c5 {[%clk 00:50:13]} {[%emt
00:00:07]} 2. Nf3 {[%clk 00:50:23]} {[%emt 00:00:04]} d6 {[%clk 00:50:14]}
{[%emt 00:00:10]} 3. Bb5+ {[%clk 00:50:19]} {[%emt 00:00:14]} Bd7 {[%clk
00:50:19]} {[%emt 00:00:06]} 4. Bxd7+ {[%clk 00:50:17]} {[%emt 00:00:11]} Qxd7
{[%clk 00:50:23]} {[%emt 00:00:06]} 5. O-O {[%clk 00:50:07]} {[%emt 00:00:20]}
g6 {[%clk 00:50:27]} {[%emt 00:00:06]} 6. c3 {[%clk 00:48:50]} {[%emt
00:01:27]} Nf6 {[%clk 00:50:02]} {[%emt 00:00:35]} 7. Re1 {[%clk 00:48:44]}
{[%emt 00:00:16]} Nc6 {[%clk 00:49:59]} {[%emt 00:00:14]} 8. d4 {[%clk
00:48:19]} {[%emt 00:00:34]} Bg7 {[%clk 00:49:32]} {[%emt 00:00:37]} 9. Bf4
{[%clk 00:44:51]} {[%emt 00:03:38]} O-O {[%clk 00:48:13]} {[%emt 00:01:29]} 10.
Qd2 {[%clk 00:41:50]} {[%emt 00:03:11]} Rfd8 {[%clk 00:47:08]} {[%emt
00:01:15]} 11. d5 {[%clk 00:38:39]} {[%emt 00:03:22]} Nb8 {[%clk 00:46:07]}
{[%emt 00:01:11]} 12. c4 {[%clk 00:37:49]} {[%emt 00:01:00]} Nh5 {[%clk
00:42:40]} {[%emt 00:03:37]} 13. Bg5 {[%clk 00:31:53]} {[%emt 00:06:06]} b5
{[%clk 00:38:35]} {[%emt 00:04:15]} 14. cxb5 {[%clk 00:31:05]} {[%emt
00:00:57]} Qxb5 {[%clk 00:36:50]} {[%emt 00:01:55]} 15. Nc3 {[%clk 00:31:08]}
{[%emt 00:00:06]} Qb7 {[%clk 00:36:28]} {[%emt 00:00:32]} 16. Rac1 {[%clk
00:28:08]} {[%emt 00:03:11]} Na6 {[%clk 00:35:54]} {[%emt 00:00:44]} 17. a3
{[%clk 00:25:27]} {[%emt 00:02:51]} Rab8 {[%clk 00:35:41]} {[%emt 00:00:23]} 18.
Rb1 {[%clk 00:25:22]} {[%emt 00:00:15]} Nf6 {[%clk 00:34:49]} {[%emt 00:01:02]}
19. Re2 {[%clk 00:22:22]} {[%emt 00:03:10]} Nc7 {[%clk 00:33:06]} {[%emt
00:01:53]} 20. Qf4 {[%clk 00:20:54]} {[%emt 00:01:37]} Nh5 {[%clk 00:32:21]}
{[%emt 00:00:55]} 21. Qd2 {[%clk 00:20:34]} {[%emt 00:00:31]} Nf6 {[%clk
00:32:19]} {[%emt 00:00:12]} 22. Rbe1 {[%clk 00:19:48]} {[%emt 00:00:56]} e5
{[%clk 00:26:22]} {[%emt 00:06:07]} 23. dxe6 {[%clk 00:17:29]} {[%emt
00:02:29]} fxe6 {[%clk 00:24:16]} {[%emt 00:02:16]} 24. Qf4 {[%clk 00:16:44]}
{[%emt 00:00:54]} Nh5 {[%clk 00:21:37]} {[%emt 00:02:49]} 25. Qh4 {[%clk
00:15:56]} {[%emt 00:00:57]} Rf8 {[%clk 00:20:49]} {[%emt 00:00:59]} 26. Rd1
{[%clk 00:14:58]} {[%emt 00:01:08]} d5 {[%clk 00:17:45]} {[%emt 00:03:14]} 27.
exd5 {[%clk 00:13:55]} {[%emt 00:01:13]} Nxd5 {[%clk 00:16:31]} {[%emt
00:01:25]} 28. Nxd5 {[%clk 00:10:47]} {[%emt 00:03:18]} exd5 {[%clk 00:16:36]}
{[%emt 00:00:05]} 29. Qg4 {[%clk 00:08:41]} {[%emt 00:02:16]} Rbe8 {[%clk
00:13:57]} {[%emt 00:02:48]} 30. Red2 {[%clk 00:06:00]} {[%emt 00:02:51]} d4
{[%clk 00:13:37]} {[%emt 00:00:30]} 31. b4 {[%clk 00:03:06]} {[%emt 00:03:05]}
Re4 {[%clk 00:12:58]} {[%emt 00:00:48]} 32. Qh3 {[%clk 00:03:08]} {[%emt
00:00:08]} h6 {[%clk 00:11:47]} {[%emt 00:01:20]} 33. Bh4 {[%clk 00:03:02]}
{[%emt 00:00:16]} Nf4 {[%clk 00:11:49]} {[%emt 00:00:09]} 34. Qg3 {[%clk
00:03:03]} {[%emt 00:00:09]} c4 {[%clk 00:10:44]} {[%emt 00:01:15]} 35. Kf1
{[%clk 00:02:23]} {[%emt 00:00:50]} c3 {[%clk 00:10:35]} {[%emt 00:00:19]} 36.
Rc2 {[%clk 00:02:29]} {[%emt 00:00:03]} Qa6+ {[%clk 00:10:10]} {[%emt
00:00:35]} 37. Kg1 {[%clk 00:02:33]} {[%emt 00:00:06]} Ne2+ {[%clk 00:10:16]}
{[%emt 00:00:05]} 38. Rxe2 {[%clk 00:02:27]} {[%emt 00:00:16]} Qxe2 {[%clk
00:10:20]} {[%emt 00:00:05]} 39. Rf1 {[%clk 00:02:33]} {[%emt 00:00:04]} c2
{[%clk 00:10:15]} {[%emt 00:00:15]} 40. Qc7 {[%clk 00:02:08]} {[%emt 00:00:34]}
d3 {[%clk 00:10:00]} {[%emt 00:00:26]} 41. h3 {[%clk 00:02:05]} {[%emt
00:00:13]} Bb2 {[%clk 00:08:47]} {[%emt 00:01:23]} 42. Nd2 {[%clk 00:01:12]}
{[%emt 00:01:03]} Qxd2 {[%clk 00:07:58]} {[%emt 00:00:59]} 43. Qc6 {[%clk
00:01:19]} {[%emt 00:00:02]} c1=Q {[%clk 00:06:55]} {[%emt 00:01:14]} 0-1

[Event "English Schools Championship Final 2024"]
[Site "Nottingham University Kings Meadow Campus, United Kingdom"]
[Date "2024.06.27"]
[Round "2.42"]
[White "Kaushik, Madhav"]
[Black "Saggi, Vedaant"]
[Result "1/2-1/2"]
[TimeControl "G50' + 10\" per move."]
[WhiteFideId "499986"]
[BlackFideId "343415768"]
[WhiteElo "1753"]
[BlackElo "1517"]

1. e4 {[%clk 00:50:17]} {[%emt 00:46:50]} c5 {[%clk 00:50:04]} {[%emt
00:00:16]} 2. Nf3 {[%clk 00:50:20]} {[%emt 00:00:08]} Nc6 {[%clk 00:50:05]}
{[%emt 00:00:08]} 3. d4 {[%clk 00:50:18]} {[%emt 00:00:11]} cxd4 {[%clk
00:50:04]} {[%emt 00:00:12]} 4. Nxd4 {[%clk 00:50:26]} {[%emt 00:00:03]} e5
{[%clk 00:49:57]} {[%emt 00:00:16]} 5. Nb5 {[%clk 00:50:27]} {[%emt 00:00:09]}
d6 {[%clk 00:49:59]} {[%emt 00:00:08]} 6. N1c3 {[%clk 00:50:22]} {[%emt
00:00:15]} a6 {[%clk 00:49:56]} {[%emt 00:00:13]} 7. Na3 {[%clk 00:50:30]}
{[%emt 00:00:02]} b5 {[%clk 00:49:30]} {[%emt 00:00:37]} 8. Nd5 {[%clk
00:50:29]} {[%emt 00:00:10]} Nf6 {[%clk 00:49:30]} {[%emt 00:00:10]} 9. Bd3
{[%clk 00:50:09]} {[%emt 00:00:29]} h6 {[%clk 00:47:50]} {[%emt 00:01:51]} 10.
c4 {[%clk 00:49:38]} {[%emt 00:00:40]} b4 {[%clk 00:46:51]} {[%emt 00:01:10]}
11. Nc2 {[%clk 00:49:39]} {[%emt 00:00:09]} a5 {[%clk 00:44:03]} {[%emt
00:02:58]} 12. O-O {[%clk 00:45:31]} {[%emt 00:04:19]} Be7 {[%clk 00:43:13]}
{[%emt 00:01:00]} 13. h3 {[%clk 00:43:52]} {[%emt 00:01:49]} O-O {[%clk
00:41:49]} {[%emt 00:01:31]} 14. Nce3 {[%clk 00:41:36]} {[%emt 00:02:28]} Nd4
{[%clk 00:41:37]} {[%emt 00:00:23]} 15. b3 {[%clk 00:39:30]} {[%emt 00:02:16]}
Bb7 {[%clk 00:40:40]} {[%emt 00:01:07]} 16. Bb2 {[%clk 00:37:17]} {[%emt
00:02:23]} Ne6 {[%clk 00:40:24]} {[%emt 00:00:26]} 17. Nf5 {[%clk 00:31:07]}
{[%emt 00:06:20]} Nxd5 {[%clk 00:38:51]} {[%emt 00:01:43]} 18. exd5 {[%clk
00:27:03]} {[%emt 00:04:13]} Nf4 {[%clk 00:38:11]} {[%emt 00:00:51]} 19. Kh2
{[%clk 00:24:14]} {[%emt 00:02:59]} Bc8 {[%clk 00:34:23]} {[%emt 00:03:58]} 20.
g3 {[%clk 00:13:50]} {[%emt 00:10:33]} Nxd3 {[%clk 00:32:44]} {[%emt 00:01:49]}
21. Qxd3 {[%clk 00:13:59]} {[%emt 00:00:02]} Bxf5 {[%clk 00:32:00]} {[%emt
00:00:54]} 22. Qxf5 {[%clk 00:14:07]} {[%emt 00:00:02]} g6 {[%clk 00:31:58]}
{[%emt 00:00:12]} 23. Qg4 {[%clk 00:09:20]} {[%emt 00:04:57]} Kh7 {[%clk
00:31:57]} {[%emt 00:00:11]} 24. f4 {[%clk 00:08:40]} {[%emt 00:00:50]} f5
{[%clk 00:31:55]} {[%emt 00:00:12]} 25. Qe2 {[%clk 00:08:30]} {[%emt 00:00:20]}
e4 {[%clk 00:31:59]} {[%emt 00:00:07]} 26. Bd4 {[%clk 00:06:54]} {[%emt
00:01:46]} Bf6 {[%clk 00:31:38]} {[%emt 00:00:32]} 27. Qb2 {[%clk 00:06:44]}
{[%emt 00:00:20]} Bxd4 {[%clk 00:31:35]} {[%emt 00:00:13]} 28. Qxd4 {[%clk
00:06:53]} Qf6 {[%clk 00:31:18]} {[%emt 00:00:27]} 29. Qxf6 {[%clk 00:05:31]}
{[%emt 00:01:32]} Rxf6 {[%clk 00:31:26]} {[%emt 00:00:02]} 30. a3 {[%clk
00:05:08]} {[%emt 00:00:33]} bxa3 {[%clk 00:30:14]} {[%emt 00:01:22]} 31. Rxa3
{[%clk 00:05:12]} {[%emt 00:00:06]} Rf7 {[%clk 00:30:12]} {[%emt 00:00:12]} 32.
b4 {[%clk 00:03:38]} {[%emt 00:01:44]} Rc7 {[%clk 00:29:25]} {[%emt 00:00:56]}
33. Rc1 {[%clk 00:02:04]} {[%emt 00:01:44]} Rac8 {[%clk 00:27:29]} {[%emt
00:02:06]} 34. bxa5 {[%clk 00:01:36]} {[%emt 00:00:39]} Rxc4 {[%clk 00:27:27]}
{[%emt 00:00:12]} 35. Rxc4 {[%clk 00:01:45]} {[%emt 00:00:01]} Rxc4 {[%clk
00:27:35]} {[%emt 00:00:02]} 36. Kg2 {[%clk 00:01:23]} {[%emt 00:00:33]} Rc7
{[%clk 00:26:13]} {[%emt 00:01:32]} 37. Rb3 {[%clk 00:01:00]} {[%emt 00:00:33]}
Ra7 {[%clk 00:26:07]} {[%emt 00:00:15]} 38. Rb6 {[%clk 00:00:50]} {[%emt
00:00:20]} 1/2-1/2

[Event "English Schools Championship Final 2024"]
[Site "Nottingham University Kings Meadow Campus, United Kingdom"]
[Date "2024.06.27"]
[Round "2.43"]
[White "Korshunov, Sergey"]
[Black "Chadwick, Thomas"]
[Result "1-0"]
[TimeControl "G50' + 10\" per move."]
[WhiteFideId "34274715"]
[BlackFideId "343411290"]
[WhiteElo "2328"]
[BlackElo "1747"]

1. e4 {[%clk 00:50:17]} {[%emt 00:00:04]} e6 {[%clk 00:50:13]} {[%emt
00:00:07]} 2. d4 {[%clk 00:50:02]} {[%emt 00:00:24]} d5 {[%clk 00:50:19]}
{[%emt 00:00:05]} 3. e5 {[%clk 00:49:51]} {[%emt 00:00:20]} c5 {[%clk
00:50:21]} {[%emt 00:00:08]} 4. c3 {[%clk 00:49:59]} {[%emt 00:00:03]} Nc6
{[%clk 00:50:25]} {[%emt 00:00:05]} 5. Nf3 {[%clk 00:50:07]} {[%emt 00:00:02]}
Qb6 {[%clk 00:50:24]} {[%emt 00:00:11]} 6. Na3 {[%clk 00:50:14]} {[%emt
00:00:03]} a6 {[%clk 00:48:19]} {[%emt 00:02:15]} 7. Nc2 {[%clk 00:50:10]}
{[%emt 00:00:15]} Bd7 {[%clk 00:47:20]} {[%emt 00:01:09]} 8. Be2 {[%clk
00:49:41]} {[%emt 00:00:38]} f6 {[%clk 00:47:07]} {[%emt 00:00:24]} 9. O-O
{[%clk 00:49:03]} {[%emt 00:00:48]} Nge7 {[%clk 00:41:33]} {[%emt 00:05:44]} 10.
dxc5 {[%clk 00:45:52]} {[%emt 00:03:20]} Qxc5 {[%clk 00:41:34]} {[%emt
00:00:09]} 11. Be3 {[%clk 00:45:58]} {[%emt 00:00:04]} Qa5 {[%clk 00:41:39]}
{[%emt 00:00:06]} 12. Bd4 {[%clk 00:46:02]} {[%emt 00:00:05]} fxe5 {[%clk
00:37:16]} {[%emt 00:04:33]} 13. Nxe5 {[%clk 00:46:01]} {[%emt 00:00:11]} Nxd4
{[%clk 00:37:07]} {[%emt 00:00:19]} 14. Nxd4 {[%clk 00:45:48]} {[%emt
00:00:23]} Qc7 {[%clk 00:36:26]} {[%emt 00:00:52]} 15. Re1 {[%clk 00:44:59]}
{[%emt 00:00:58]} g6 {[%clk 00:33:31]} {[%emt 00:03:05]} 16. Nxd7 {[%clk
00:44:50]} {[%emt 00:00:20]} Qxd7 {[%clk 00:27:21]} {[%emt 00:06:20]} 17. Nxe6
{[%clk 00:44:37]} {[%emt 00:00:23]} 1-0